| 000 | 00743nam a22002777a 4500 | ||
|---|---|---|---|
| 003 | OSt | ||
| 005 | 20140310182642.0 | ||
| 008 | 131106b xxu||||| |||| 00| 0 eng d | ||
| 020 | _a9719222132 | ||
| 050 |
_aHD 38.7 _b.T161 2007 |
||
| 100 | _aTan, Genevieve Ledesma. | ||
| 245 |
_aWPS : _bAn effective tool for organizational efficiency / _cGenevieve Ledesma-Tan. |
||
| 260 |
_aPhilippines: _bSouthville International School and Colleges Systems Publications, _cc2007. |
||
| 300 |
_a251 p. : _bill. ; _c27 cm. |
||
| 942 |
_2lcc _cBK |
||
| 999 |
_c15019 _d15019 |
||